The Oregon trail

محفوظ في:
التفاصيل البيبلوغرافية
المؤلف الرئيسي: Parkman, Francis (مؤلف)
التنسيق: كتاب
اللغة:الإنجليزية
منشور في: Nueva York Airmont Publishing Company 1964
سلاسل:Classic Series, 37
الموضوعات:
الوسوم: إضافة وسم
لا توجد وسوم, كن أول من يضع وسما على هذه التسجيلة!

MARC

LEADER 00000nam a2200000 a 4500
001 UCQ2472
003 CL-VaPUC
008 980724e19640000US |||||||||||||||||eng|d
082 0 4 |a 813  |b PAR  |2 21 
100 |a Parkman, Francis  |e author  |9 443070 
245 1 4 |a The Oregon trail 
300 |a 253 p 
942 |c BK 
945 |d 19980724 00:00:00  |a crobeson 
260 |a Nueva York  |b Airmont Publishing Company  |c 1964 
650 0 |a Novelas estadounidenses  |9 265217 
650 0 |a Literatura estadounidense  |9 317168 
583 |a last modification  |c 19980724 00:00:00  |k Rodrigo Vera 
490 0 |a Classic Series, 37 
999 |c 273291  |d 273289 
952 |0 0  |1 0  |4 0  |6 813_000000000000000_PAR_1964  |7 0  |8 A  |9 308717  |a BIBEDU  |b BIBEDU  |d 2019-11-20  |i 1445928  |o 813 PAR 1964  |p 1445928  |r 2019-11-20  |w 2019-11-20  |y BK  |k LIT